00241nam a2200085Ia 450000100070000000500170000700800410002424500580006526000320012375958420250826164918.0250824s9999 xx 000 0 und d 0aAŞKIN GÖZYAŞLARI 2 HZ.MEVLANAcSİNAN YAĞMUR bKARATAY AKADEMİ YAYINLARI